000 00997nac a22002897a 4500
001 BR8106158
003 BR-BrBNA
005 20240105115101.0
008 230509b bl.|||m| |||| 00| 0 por d
040 _aBR-BrBNA
_bpor
_cBiblioteca Nacional de Agricultura
072 _aF30
090 _a1440 BR8106158
100 1 _aNogueira, O.L.
100 1 _aAraujo, S.P.P. de
100 1 _aWatt, E.E.
110 1 _aUnidade de Execucao de Pesquisa de Ambito Estadual de Manaus, AM (Brasil)
_910369
245 1 _aIntroducao e avaliacao de linhagens de feijao caupi (ensaios preliminares - 1981)[Manaus, Amazonas, Brasil]
260 3 _aManaus, AM (Brasil):
_c1981.
300 _a2 p.
490 _aPesquisa em Andamento - Unidade de Execucao de Pesquisa de Ambito Estadual de Manaus (Brazil)
_vno. 31
_x
650 _aFEIJAO DE CORDA
650 _aLINHAGEM
650 _aVARIEDADE RESISTENTE
650 _aAMAZONAS
909 _a202312
_bLúcia Elande
_c55
_dLúcia Elande
942 _2AGRIS
_n0
_cMS
999 _c272955
_d272955